Interpretación y aplicación del derecho
I tiakina i:
| Kaituhi matua: | |
|---|---|
| Hōputu: | Pukapuka |
| Reo: | Pāniora |
| I whakaputaina: |
Almería
Universidad de Almería
1997
|
| Rangatū: | Colección Derecho, 4
|
| Ngā marau: | |
| Ngā Tūtohu: |
Tāpirihia he Tūtohu
Kāore He Tūtohu, Me noho koe te mea tuatahi ki te tūtohu i tēnei pūkete!
|
MARC
| LEADER | 00000nam a2200000 a 4500 | ||
|---|---|---|---|
| 001 | UCP0732 | ||
| 003 | CL-VaPUC | ||
| 008 | 990319e19970000SP |||||||||||||||||spa|d | ||
| 082 | 0 | 4 | |a 340.11 |b MEN |2 21 |
| 100 | |a Mendonca, Daniel |e autor |9 450131 | ||
| 245 | 1 | 0 | |a Interpretación y aplicación del derecho |
| 300 | |a 92 p | ||
| 942 | |c BK | ||
| 945 | |d 19990319 00:00:00 |a aarredon | ||
| 260 | |a Almería |b Universidad de Almería |c 1997 | ||
| 650 | 7 | |a INTERPRETACION DEL DERECHO |2 CL-VaPUC |9 426226 | |
| 650 | 0 | |a Interpretación de la ley |9 257376 | |
| 650 | 0 | |a Aplicación del derecho |9 381025 | |
| 650 | 0 | |a Normas jurídicas |9 258310 | |
| 650 | 0 | |a Poder judicial |9 254871 | |
| 650 | 7 | |a LEGITIMIDAD |2 CL-VaPUC |9 375933 | |
| 650 | 7 | |a SISTEMA JURIDICO |2 CL-VaPUC |9 426227 | |
| 583 | |a last modification |c 19990319 00:00:00 |k Rodrigo Vera | ||
| 490 | 0 | |a Colección Derecho, 4 | |
| 999 | |c 279484 |d 279482 | ||
| 952 | |0 0 |1 0 |4 0 |6 340_110000000000000_MEN_1997 |7 0 |8 A |9 319026 |a BIBDER |b BIBDER |d 2019-11-20 |i 3505545 |l 1 |o 340.11 MEN 1997 |p 3505545 |r 2023-01-25 |s 2022-04-22 |w 2019-11-20 |y BK |k DER | ||